Prejavy a dôsledky nezamestnanosti na slovenskú rodinu diplomová práca

Gespeichert in:
Bibliographische Detailangaben
1. Verfasser: Torkošová-Kováčová, Michaela
Körperschaft: Národohospodárska fakulta EU. Katedra sociálneho rozvoja a práce
Weitere Verfasser: Antalová, Mária, 1952-
Format: Buch
Sprache:Slowakisch
Veröffentlicht: Bratislava 2009
Tags: Tag hinzufügen
Keine Tags, Fügen Sie das erste Tag hinzu!

MARC

LEADER 00000nam$a2200000$$$4500
001 0105119
005 20240318140517.1
041 0 |a slo 
044 |a SK 
245 1 0 |a Prejavy a dôsledky nezamestnanosti na slovenskú rodinu  |b diplomová práca  |c Michaela Torkošová-Kováčová ; škol. Mária Antalová 
264 1 |a Bratislava  |c 2009 
300 |a 79 s. 
100 1 |a Torkošová-Kováčová, Michaela 
700 1 |a Antalová, Mária, 1952- 
710 2 |a Národohospodárska fakulta EU. Katedra sociálneho rozvoja a práce